|
|
|
|
| LEADER |
00885ncm a22002532a 4500 |
| 001 |
001336856 |
| 003 |
CZ BrMZK |
| 005 |
20140424150151.0 |
| 007 |
qu |
| 008 |
050118s1924 xr |||||||||||||| zxx d |
| 015 |
|
|
|a cnb001951154
|
| 040 |
|
|
|a BOA001
|b cze
|
| 072 |
|
7 |
|a 788
|x Hudba pro dechové nástroje
|2 Konspekt
|9 9
|
| 100 |
1 |
|
|a Pokorný, Václav,
|d 1918-2011
|7 ola2002108019
|4 cmp
|
| 245 |
1 |
0 |
|a Ide Marina od Hodonína
|h [hudebnina] :
|b slovácký pochod s textem /
|c V. Pokorný. O posvícení : pochod z národních písní / J. Brinke
|
| 260 |
|
|
|a Praha :
|b Mojmír Urbánek,
|c c1924
|
| 300 |
|
|
|a 24 hlasy
|
| 490 |
1 |
|
|a Harmonie M. U. ;
|v č. 105
|
| 740 |
0 |
2 |
|a O posvícení
|
| 830 |
|
0 |
|a Harmonie M. U.
|
| 910 |
|
|
|a BOA001
|b Mus4-0173.191,105
|
| 990 |
|
|
|a MU
|
| 991 |
|
|
|b 201310
|
| 996 |
6 |
|
|b 2619599867
|c Mus4-0173.191,105
|l MZK
|r Sklad / do 1 hodiny
|n 0
|w 001371821
|u 000010
|a 1
|e BOA001
|j MZK50
|s P
|